Exclusión social en el Caribe /

El siguiente artículo utiliza el marco de la exclusión social para esclarecer algunos procesos estructurales que hacen que ciertos grupos en la región del Caribe se mantengan en una desventaja relativa. Se distinguen tres dimensiones de la exclusión: 1) socioeconómica, 2) sociocultural y 3) instituc...

Повний опис

Збережено в:
Бібліографічні деталі
Автор: Trouillot, Michel-Rolph
Формат: Текст
Опубліковано: San José: FLACSO. Programa Costa Rica
Предмети:
Теги: Додати тег
Немає тегів, Будьте першим, хто поставить тег для цього запису!

MARC

LEADER 00000 a a2200000 04500
001 45594
003
040
020 |a 9977-68-110-4  
090 |a 05.03.03 G121e  
100 |a Trouillot, Michel-Rolph  
245 |a Exclusión social en el Caribe /  |c Marco-Rolph Truillot  
260 |a San José:   |b FLACSO. Programa Costa Rica  
520 |a El siguiente artículo utiliza el marco de la exclusión social para esclarecer algunos procesos estructurales que hacen que ciertos grupos en la región del Caribe se mantengan en una desventaja relativa. Se distinguen tres dimensiones de la exclusión: 1) socioeconómica, 2) sociocultural y 3) institucional. Se concluye que las políticas del Estado, tanto para reducir o revertir la exclusión deberían focalizarse en las articulaciones o interacciones que ocurren entre los distintos factores o dimensiones conducentes a situaciones de exclusión social.  
590 |a RRH/FEBRERO2014  
650 |a POBREZA  
650 |a DESIGUALDAD SOCIAL  
650 |a EXCLUSION SOCIAL  
650 |a MARGINALIDAD  
650 |a CULTURA  
650 |a INSTITUCIONES PUBLICAS  
773 |g páginas 113-149  
999 |c 38221  |d 38221